000 00573nam a2200229Ia 4500
003 OSt
005 20220924141057.0
006 a|||||r|||| 00| 0
007 ta
008 220923b |||||||| |||| 00| 0 ben d
024 _a297096
037 _cTextual
040 _aARTS
_cARTS
_bben
041 _2ben
_aben
082 _aO157,3NSE13x, M8
100 _aSengupta Ramen
_9211835
245 0 _aGalpa salpa
260 _c1988
650 _aBENGALI LITERATURE
942 _hO157,3NSE13x, M8
_cTEXL
_2CC
999 _c446175
_d446175